00829nam a22002177a 450000500170000001000150001702000270003203500140005903700090007308200170008210000190009924500690011825000070018726000300019427001260022430000300035070000250038094200310040599900190043695201560045520251006161609.0 aENG-146948 a9789349015715c3995.00 aEN-130480 bDBAD a346.5402217 aPollock985381 aPollock & Mulla: bThe Indian Contract Act/cPollock [and] Mulla a17 aHaryanabLexisNexisc2025 a14th Floor, Building No. 10, Tower-B, DLF Cyber City, Phase-II, GurgaonbHaryanae122002k+91-124-4774444l+91-1244774100 acccxlii, 1686pc24cm.(hb) aMullaeAuthor985378 2ddccENh346.5402e17mPOL c213577d213577 001040718REFaLbLd2025-10-06eDelivery of Books Act Divisiong3995.00l0o346.5402 POLpEN-130480r2025-10-06 00:00:00t1v3995.00w2025-10-06yEN